What kind of people ought you to be? / (Record no. 4089)

MARC details
000 -LEADER
fixed length control field 00450nam a22001697a 4500
003 - CONTROL NUMBER IDENTIFIER
control field GBCCL
005 - DATE AND TIME OF LATEST TRANSACTION
control field 20241126110510.0
008 - FIXED-LENGTH DATA ELEMENTS--GENERAL INFORMATION
fixed length control field 180110b xxu||||| |||| 00| 0 eng d
040 ## - CATALOGING SOURCE
Transcribing agency gbc
082 ## - DEWEY DECIMAL CLASSIFICATION NUMBER
Classification number 248
Item number JOH
100 ## - MAIN ENTRY--PERSONAL NAME
Personal name John, Y.
9 (RLIN) 7847
245 ## - TITLE STATEMENT
Title What kind of people ought you to be? /
Statement of responsibility, etc. Y. John
260 ## - PUBLICATION, DISTRIBUTION, ETC.
Name of publisher, distributor, etc. Global AECS Press,
Place of publication, distribution, etc. Los Angeles:
Date of publication, distribution, etc. 2007
300 ## - PHYSICAL DESCRIPTION
Extent 231 p.;
Other physical details ill.,
Dimensions 22 cm.
650 ## - SUBJECT ADDED ENTRY--TOPICAL TERM
Topical term or geographic name entry element Christian life
9 (RLIN) 183
942 ## - ADDED ENTRY ELEMENTS (KOHA)
Source of classification or shelving scheme Dewey Decimal Classification
Koha item type Books
Koha issues (borrowed), all copies 3
Holdings
Withdrawn status Lost status Source of classification or shelving scheme Damaged status Not for loan Home library Current Library Shelving location Date acquired Total checkouts Full call number Barcode Date last seen Copy number Price effective from Koha item type Date last checked out
    Dewey Decimal Classification     GRACE BIBLE COLLEGE GRACE BIBLE COLLEGE Ministry & Mission 2018-01-10   248 JOH 013184 2025-05-01 c.4 2018-01-10 Books  
    Dewey Decimal Classification     GRACE BIBLE COLLEGE GRACE BIBLE COLLEGE Ministry & Mission 2018-01-10 2 248 JOH 013224 2025-05-01 c.5 2018-01-10 Books 2018-03-01
    Dewey Decimal Classification     GRACE BIBLE COLLEGE GRACE BIBLE COLLEGE Ministry & Mission 2018-01-10   248 JOH 013183 2025-05-01 c.3 2018-01-10 Books  
    Dewey Decimal Classification     GRACE BIBLE COLLEGE GRACE BIBLE COLLEGE Ministry & Mission 2018-01-10   248 JOH 013182 2025-05-01 c.2 2018-01-10 Books  
    Dewey Decimal Classification     GRACE BIBLE COLLEGE GRACE BIBLE COLLEGE Ministry & Mission 2018-01-10 2 248 JOH 010164 2025-08-27 c.1 2018-01-10 Books 2025-08-22
© Grace Bible College Library 2025